000 00754nam a22002417a 4500
001 84981
003 UA-OsUOA
005 20210711125146.0
007 ta
008 20120613b un ||||| |||| 00| 0 ukr d
040 _aUA-OsUOA
_bukr
_cUA-OsUOA
_dUA-OsUOA
041 _aukr
080 _a82-94
090 _a82-94
_bБ16
100 _aБажанський М.
245 _aМозаїка квадрів в'язничних
260 _c1946
_aАшафенбург
_bНакладом Товариства політичних в'язнів
300 _a159 с.
650 7 _a82 Література. Літературознавство
_2UDC
942 _cBK
_2udc
955 _a3
999 _c371297
_d371297